Chicago price theory /

Price theory is a powerful analytical toolkit for measuring, explaining, and predicting human behavior in the marketplace. This incisive textbook provides an essential introduction to the subject, offering a diverse array of practical methods that empower students to learn by doing. Based on Economi...

Full description

Bibliographic Details
Main Authors: Jaffe, Sonia P. (Author), Minton, Rob (Author), Mulligan, Casey B. (Author), Murphy, Kevin M. (Author)
Format: Book
Language:English
Published: Princeton, New Jersey : Princeton University Press, 2019.
Subjects:
Classic Catalogue: View this record in Classic Catalogue
LEADER 04787nam a2200505 i 4500
001 45452
003 BD-DhAAL
005 20260330094812.0
008 260329t2019 njua b 001 0 eng d
010 |a  2019942325 
020 |a 9780691192970 
020 |a 9780691198811 (ebook) 
035 |a 20992010 
035 |a (OCoLC)1089575997 
040 |a YDX  |b eng  |c YDX  |e rda  |d XL3  |d CLE  |d YDXIT  |d TXI  |d DLC  |d BD-DhAAL 
042 |a lccopycat 
050 0 0 |a HB98.3  |b .J34 2019 
082 0 4 |a 330.1553  |2 23 
100 1 |a Jaffe, Sonia P.,  |e author.  |9 60369 
245 1 0 |a Chicago price theory /  |c Sonia Jaffe ... [et al.]. 
260 |a Princeton, New Jersey :  |b Princeton University Press,  |c 2019. 
300 |a xiii, 231 pages :  |b illustrations ;  |c 27 cm. 
504 |a Includes bibliographical references (page 217-219) and index. 
520 |a Price theory is a powerful analytical toolkit for measuring, explaining, and predicting human behavior in the marketplace. This incisive textbook provides an essential introduction to the subject, offering a diverse array of practical methods that empower students to learn by doing. Based on Economics 301, the legendary PhD course taught at the University of Chicago, the book emphasizes the importance of applying price theory in order to master its concepts. Chicago Price Theory features immersive chapter-length examples such as addictive goods, urban-property pricing, the consequences of prohibition, the value of a statistical life, and occupational choice. It looks at human behavior in the aggregate of an industry, region, or demographic group, but also provides models of individuals when they offer insights about the aggregate. The book explains the surprising answers that price theory can provide to practical questions about taxation, education, the housing market, government subsidies, and much more. 
526 |a K.M. Arefin Kamal, PhD Assistant Professor Department of Economics and Social Sciences Course name and No. : Microeconomic Analysis Objectives ''(ECO 301)'' 
541 |a Book Finder International  |e 45452, 45453, 45454, 45456, 45457 
650 0 |a Chicago school of economics.  |9 52647 
650 0 |a Microeconomics. 
650 0 |a Prices. 
650 7 |a Prices 
650 7 |a Chicago school of economics.  |9 52647 
650 7 |a Microeconomics. 
650 7 |a Preistheorie  |9 60370 
650 7 |a Chicago-Schule.  |9 60371 
700 1 |a Minton, Rob,  |e author.  |9 60372 
700 1 |a Mulligan, Casey B.,  |e author.  |9 60373 
700 1 |a Murphy, Kevin M.,  |e author.  |9 60374 
852 1 |a Ayesha Abed Library  |c General Stacks 
942 |2 ddc  |c BK 
999 |c 47672  |d 47672 
952 |0 0  |1 0  |2 ddc  |4 0  |6 330_155300000000000_CHI  |7 0  |9 78856  |a BRACUL  |b BRACUL  |c GEN  |d 2026-03-29  |e Book Finder International  |g 7730.00  |l 0  |o 330.1553 CHI  |p 3010045456  |r 2026-03-05  |t 5  |v 15460.00  |w 2026-03-05  |y BK  |x Requisitioned by K.M. Arefin Kamal, PhD (Assistant Professor, Department of Economics and Social Sciences, BRAC University) for the course named- Microeconomic Analysis Objectives ‘’(ECO 301)’’ 
952 |0 0  |1 0  |2 ddc  |4 0  |6 330_155300000000000_CHI  |7 0  |9 78857  |a BRACUL  |b BRACUL  |c NEW  |d 2026-03-05  |e Book Finder International  |g 7730.00  |l 0  |o 330.1553 CHI  |p 3010045453  |r 2026-03-05  |t 2  |v 15460.00  |w 2026-03-05  |y BK  |x Requisitioned by K.M. Arefin Kamal, PhD (Assistant Professor, Department of Economics and Social Sciences, BRAC University) for the course named- Microeconomic Analysis Objectives ‘’(ECO 301)’’ 
952 |0 0  |1 0  |2 ddc  |4 0  |6 330_155300000000000_CHI  |7 0  |9 78858  |a BRACUL  |b BRACUL  |c GEN  |d 2026-03-29  |e Book Finder International  |g 7730.00  |l 0  |o 330.1553 CHI  |p 3010045455  |r 2026-03-05  |t 4  |v 15460.00  |w 2026-03-05  |y BK  |x Requisitioned by K.M. Arefin Kamal, PhD (Assistant Professor, Department of Economics and Social Sciences, BRAC University) for the course named- Microeconomic Analysis Objectives ‘’(ECO 301)’’ 
952 |0 0  |1 0  |2 ddc  |4 0  |6 330_155300000000000_CHI  |7 0  |9 78859  |a BRACUL  |b BRACUL  |c CIR  |d 2026-03-05  |e Book Finder International  |g 7730.00  |l 0  |o 330.1553 CHI  |p 3010045452  |r 2026-03-05  |t 1  |v 15460.00  |w 2026-03-05  |y 1HOUR  |x Requisitioned by K.M. Arefin Kamal, PhD (Assistant Professor, Department of Economics and Social Sciences, BRAC University) for the course named- Microeconomic Analysis Objectives ‘’(ECO 301)’’; As instructed by the University Librarian, the book has been placed on a one-hour loan period following the receipt of five copies. 
952 |0 0  |1 0  |2 ddc  |4 0  |6 330_155300000000000_CHI  |7 0  |9 78860  |a BRACUL  |b BRACUL  |c GEN  |d 2026-03-29  |e Book Finder International  |g 7730.00  |l 0  |o 330.1553 CHI  |p 3010045454  |r 2026-03-05  |t 3  |v 15460.00  |w 2026-03-05  |y BK  |x Requisitioned by K.M. Arefin Kamal, PhD (Assistant Professor, Department of Economics and Social Sciences, BRAC University) for the course named- Microeconomic Analysis Objectives ‘’(ECO 301)’’